|
|
|
|
| LEADER |
00000njm a2200000 4500 |
| 001 |
vtls012012084 |
| 003 |
SK-MaSNL |
| 005 |
20260301121839.0 |
| 007 |
sd cszc p |
| 008 |
210125s1954 xr sgz g 0 0 eng |
| 028 |
0 |
1 |
|a BIEM 04
|b Supraphon
|
| 028 |
1 |
3 |
|a 45 3/E 1C
|b Supraphon
|
| 028 |
1 |
3 |
|a 45 3/E 1A1A
|b Supraphon
|
| 028 |
0 |
1 |
|a F 40191
|b Supraphon
|
| 040 |
|
|
|a SNK
|b slo
|c SNK
|e rda
|
| 041 |
0 |
|
|a eng
|
| 044 |
|
|
|a xr
|c CZ
|
| 072 |
|
7 |
|a 784
|x Vokálna hudba
|2 konspekt
|
| 080 |
|
|
|a 784.4
|2 2011
|
| 080 |
|
|
|a (086.72)
|2 2011
|
| 110 |
2 |
|
|a Orchestr Karla Vlacha
|4 aut
|9 34431
|
| 245 |
0 |
0 |
|a Mama Inez : The Laughing Samba
|c Karel Vlach se svím orchestrem
|
| 264 |
|
1 |
|a [ Praha]
|b Supraphon
|c [1954]
|
| 264 |
|
4 |
|c ℗1954
|
| 300 |
|
|
|a 1 gramofónová platňa
|c 18 cm
|
| 336 |
|
|
|a hraná hudba
|b prm
|2 rdacontent
|
| 337 |
|
|
|a audio
|b s
|2 rdamedia
|
| 338 |
|
|
|a iný
|b z
|2 rdacarrier
|
| 340 |
|
|
|a vinyl
|a rda
|
| 344 |
|
|
|a analog
|c 45 ot/min
|g stereo
|2 rda
|
| 500 |
|
|
|a Platňa obsahuje 4 piesne
|
| 500 |
|
|
|a Názov prevzatý z prvej strany platne
|
| 500 |
|
|
|a Miesto a rok vydania podľa vydavateľa
|
| 650 |
0 |
7 |
|a vokálne piesne
|2 SNKPH
|9 466549
|
| 650 |
0 |
7 |
|a Vocal songs
|2 SNKPHeng
|9 466550
|
| 655 |
|
7 |
|a gramofónové platne
|2 SNKPH
|9 74608
|
| 655 |
|
7 |
|a Gramophone records
|2 SNKPHeng
|9 286457
|
| 700 |
1 |
|
|a Grenet, E.
|4 com
|9 466551
|
| 700 |
1 |
|
|a Rizzo, Vincent
|4 com
|9 466552
|
| 700 |
1 |
|
|a Johnson, George
|4 com
|9 466553
|
| 700 |
1 |
|
|a Barroso, Ary
|4 com
|9 466554
|
| 700 |
1 |
|
|a Morales, Noro
|4 com
|9 466555
|
| 740 |
0 |
2 |
|a Mama Inez (Rumba)
|h zvukový záznam
|
| 740 |
0 |
2 |
|a The Laughing Samba (Samba)
|h zvukový záznam
|
| 740 |
0 |
2 |
|a Brazil (Samba)
|h zvukový záznam
|
| 740 |
0 |
2 |
|a Bim, bam, bum (Samba)
|h zvukový záznam
|
| 999 |
|
|
|c 730809
|d 732739
|
| 952 |
|
|
|a SNK
|b SNK
|y PREZ
|7 0
|p 17A1419778
|o snk 45-6
|i snk1080/65
|0 0
|1 0
|4 0
|d 2021-01-25
|l 0
|r 2026-02-23 22:28:08
|w 2026-02-23
|